| 000 | 00603nam a22001577a 4500 | ||
|---|---|---|---|
| 005 | 20120503111535.0 | ||
| 020 |
_a8176297682 _c480.00 |
||
| 035 | _aB-159241 | ||
| 037 |
_aDPL _bENG |
||
| 245 |
_aEconomic ideas of professor A.K. Dasgupta : _bA centenary tribute / _cedited by S.C. Srivastava |
||
| 260 |
_aNew Delhi _bDeep and Deep Publications _c2006 |
||
| 300 |
_axxv, 228p. _c20 cms. |
||
| 700 |
_aSrivastava, S.C. _946255 |
||
| 942 |
_2ddc _cEN _h330.1 _mECO |
||
| 999 |
_c66043 _d66043 |
||